000 00318cam a2200121ua 4500
100 _aChamberlin , Edward Hastings .
245 _aTwowards a more generl theory of value /
_cChamberlin.
_h
260 _a :
_bOxford University Press ,
_c1965.
300 _a ; .
504 _a
999 _c11278
_d11278